000 01227 a2200253 4500
001 45858
005 20260407155730.0
008 260407a2003 arg spa d
003 AR-UNSa-BCEJYS
040 _aAR-UNSa-BCEJYS
_bspa
_cAR-UNSa-BCEJYS
080 _a338.124
_xRetroceso de la actividad económica. Contracción económica (Pobreza...)
245 1 0 _aHacia el objetivo del milenio de reducir la pobreza
_pen América Latina y el Caribe
020 _a92-1-322123-1
264 1 _aSantiago de Chile :
_bCEPAL (Comisión Económica para América Latina y el Caribe)
_c2003
300 _a76 p.
_c23 cm.
505 _a1. Antecedentes e información – 2. El logro de la meta: los macroescenarios 3. El logro del objetivo: los microescenarios – 4. Conclusiones y consecuencias de política.
041 _aspa
942 _cBK
590 _aniveau_biblio:m niveau_hierar:0
100 1 _aNaciones Unidas. Comisión Económica para América Latina y el Caribe (CEPAL)
700 1 _aPrograma de las Naciones Unidas para el Desarrollo (PNUD)
700 1 _aInstituto de Investigación Económica Aplicada (IPEA)
856 4 1 _uhttps://www.biblioeco.unsa.edu.ar/pmb/images/libros/L127202.jpg
_yImagen de portada
_qimage/jpeg
999 _c4031
_d4031